Sống trong thời viễn tưởng? : Chuyện người và máy (bình luận)

Spremljeno u:
Bibliografski detalji
Glavni autor: Nguyễn, Vạn Phú
Format: Knjiga
Jezik:Undetermined
Izdano: Hà Nội Hội nhà văn 2018
Teme:
Oznake: Dodaj oznaku
Bez oznaka, Budi prvi tko označuje ovaj zapis!
Thư viện lưu trữ: Trung tâm Học liệu Trường Đại học Cần Thơ
LEADER 00685nam a2200217Ia 4500
001 CTU_231089
008 210402s9999 xx 000 0 und d
020 |c 119000 
082 |a 895.922803 
082 |b Ph500 
100 |a Nguyễn, Vạn Phú 
245 0 |a Sống trong thời viễn tưởng? : 
245 0 |b Chuyện người và máy (bình luận) 
245 0 |c Nguyễn Vạn Phú 
260 |a Hà Nội 
260 |b Hội nhà văn 
260 |c 2018 
650 |a Văn học Việt Nam,Vietnamese literature 
650 |y Thế kỷ 21,21st century 
910 |b dqhieu 
980 |a Trung tâm Học liệu Trường Đại học Cần Thơ